| 000 | 00556nam a2200193Ia 4500 | ||
|---|---|---|---|
| 008 | 151121s9999||||xx |||||||||||||| ||und|| | ||
| 082 | _a811 /धारप | ||
| 082 | _bHNW-65338 | ||
| 100 | _aधारप वि। प। | ||
| 245 | _aगीतगोपाळ | ||
| 260 | _b"अरुणोदय, दिल्ली।" | ||
| 260 | _c-- | ||
| 300 | _a48 | ||
| 600 | _aधारप वि। प। | ||
| 630 | _aगीतगोपाळ | ||
| 700 | _aधारप वि। प। | ||
| 730 | _aगीतगोपाळ | ||
| 942 | _cBOOK | ||
| 999 |
_c1246847 _d1246844 |
||